000 00456nam a22001577a 4500
003 OSt
005 20140310182517.0
008 130220t xxu||||| |||| 00| 0 eng d
020 _a9781418001896
050 _aRA 393
_b.H38 2006
245 _aHealth care management : organization, design, and behavior /
_cShortell, Stephen M. (editor)
260 _aAlbany, NY :
_bDelmar,
_cc2006
300 _a424 p. :
_c25 cm.
942 _2lcc
_cSSLC
999 _c13977
_d13977